000 00349nam a2200145Ia 4500
005 20250508154847.0
008 008 250505s9999 xx 000 0 eng d
037 _aPeriodicals
040 _aFEDL
_beng
_cFEDL
041 _aeng
_2eng
084 _qFEDL
245 0 _aShankar's children's art number
942 _cCR
999 _c1352490
_d1352490